| 000 | 00428nam a2200169 a 4500 | ||
|---|---|---|---|
| 001 | 0000-9011 | ||
| 003 | ELIB.Books | ||
| 008 | 110520 2001 | ||
| 035 | _a(ELIB.Books)0000-9160 | ||
| 082 |
_aFic _bSha |
||
| 100 | _aShakespeare, William | ||
| 245 | _aTwelfth Night | ||
| 260 |
_bHertfordshire: Wordsworth Editions Limited _c2001 |
||
| 650 | _aFiction | ||
| 942 |
_2ddc _cBK |
||
| 998 |
_cbat _e2011-05-20 |
||
| 999 |
_c9011 _d9011 |
||